000 00244nam a22000977a 4500
008 231219b |||||||| |||| 00| 0 eng d
020 _a9788177394160
100 _aAggarwal
245 _aNew Learning Mathematics-VIII
260 _aNew Delhi
_bAvichal
999 _c12529
_d12529